000 02914ngm a2200445 4500
003 dpl
005 20100306152830.0
007 DVD
008 ||||||sp199 xxu|||||c ||| 00| 0 ng d
010 _aDVD-006125-6130 & DVD-006472-6474
024 _c99.00
035 _aDVD-006125-6130
035 _aDVD-006472-6474
040 _aDPL
_cDPL
082 _aDVD LOKP
245 _aLok Parlok
_cSree Pallavi Production Presents
_h[videorecording] DVD/
260 _bEagle Home Entertainment
300 _a1 videodisc DVD;
_bsd., col. ;
_c4 3/4 in.
_fDVD
440 _aEagle Video Home Entertainment
538 _aDolby Digital 5.1 - Hindi Subtitles: English
650 _aMotion Picture
700 _aJeetendra
700 _aPrada, Jaya
700 _aPrem Nath
700 _aPuri, Madan
700 _aVerma, Deven
700 _aAmjad Khan
942 _cCF
_2ddc
_hDVD
_mLOKP
999 _c34484
_d34484